In the Antarctic : (Record no. 22105)
[ view plain ]
| 000 -LEADER | |
|---|---|
| fixed length control field | 00790nam a22002531 4500 |
| 001 - CONTROL NUMBER | |
| control field | 22105 |
| 003 - CONTROL NUMBER IDENTIFIER | |
| rucl marc code | BD-RjUL |
| 005 - DATE AND TIME OF LATEST TRANSACTION | |
| control field | 20211209000752.0 |
| 008 - FIXED-LENGTH DATA ELEMENTS--GENERAL INFORMATION | |
| fixed length control field | 140306s1952 enka 000 0 eng |
| 035 ## - SYSTEM CONTROL NUMBER | |
| System control number | (BD-RjUL)22170 |
| 040 ## - CATALOGING SOURCE | |
| Original cataloging agency | DLC |
| Transcribing agency | Ak |
| Modifying agency | DLC |
| -- | BD-RjUL |
| Language of cataloging | eng |
| 041 ## - LANGUAGE CODE | |
| Language code of text/sound track or separate title | eng |
| 082 00 - DEWEY DECIMAL CLASSIFICATION NUMBER | |
| Classification number | 919.9 |
| Author mark and year | DEI 1952 |
| 100 1# - MAIN ENTRY--PERSONAL NAME | |
| Personal name | Debenham, Frank, |
| Dates associated with a name | 1883-1965. |
| 9 (RLIN) | 68244 |
| 245 10 - TITLE STATEMENT | |
| Title | In the Antarctic : |
| Remainder of title | stories of Scott's last expedition / |
| Statement of responsibility, etc. | With illus. by Edward Wilson and the author. |
| 250 ## - EDITION STATEMENT | |
| Edition statement | 1st ed. |
| 260 ## - PUBLICATION, DISTRIBUTION, ETC. (IMPRINT) | |
| Place of publication, distribution, etc. | London : |
| Name of publisher, distributor, etc. | Murray, |
| Date of publication, distribution, etc. | 1952. |
| 300 ## - PHYSICAL DESCRIPTION | |
| Pagination | vii, 145 p. : |
| Illustrations | ill. ; |
| Size | 21 cm. |
| 600 10 - SUBJECT ADDED ENTRY--PERSONAL NAME | |
| Personal name | Scott, Robert Falcon, |
| Dates associated with a name | 1868-1912. |
| 651 #0 - SUBJECT ADDED ENTRY--GEOGRAPHIC NAME | |
| Geographic name | Antarctica |
| General subdivision | Discovery and exploration |
| -- | British. |
| 9 (RLIN) | 68246 |
| 942 ## - ADDED ENTRY ELEMENTS (KOHA) | |
| Source of classification or shelving scheme | Dewey Decimal Classification |
| Koha item type | Books |
| Lost status | Source of classification or shelving scheme | Damaged status | Not for loan | Collection code | Permanent Location | Current Location | Shelving location | Date acquired | Source of acquisition | Cost, normal purchase price | Total Checkouts | Full call number | Date last seen | Copy number | Koha item type |
|---|---|---|---|---|---|---|---|---|---|---|---|---|---|---|---|
| Dewey Decimal Classification | Added to bundle | Non-fiction | Central Library, University of Rajshahi | Central Library, University of Rajshahi | Reading Room | 12/09/1956 | Pak-American Com. | 6.15 | 919.9 DEI 1952 | 06/03/2014 | C-1 | Books |